| 000 | 00537nas a2200205 a 4500 | ||
|---|---|---|---|
| 001 | 4907 | ||
| 003 | 9687 | ||
| 005 | 20201118095359.0 | ||
| 008 | ||||||n9999 ||| || || | ||
| 041 | _aspa | ||
| 082 |
_221 _a338 |
||
| 110 | _aComisión Económica para América Latina y el Caribe | ||
| 245 | 0 | _aLa industria textil en America Latina | |
| 260 |
_aEstados Unidos : _bOrganización de las Naciones Unidas, _c1968. |
||
| 300 | _av | ||
| 562 | _e0 | ||
| 650 | _aAMÉRICA LATINA | ||
| 650 | _aINDUSTRIA TEXTIL | ||
| 942 | _cBKM | ||
| 999 |
_c4907 _d4907 |
||